Online
Catalog

Cupo limitado : (Record no. 1070)

MARC details
000 -CABECERA
campo de control de longitud fija 00822cam a2200217 a 4500
001 - NÚMERO DE CONTROL
campo de control 000001112
005 - FECHA Y HORA DE LA ÚLTIMA TRANSACCIÓN
campo de control 20200929145458.0
008 - DATOS DE LONGITUD FIJA--INFORMACIÓN GENERAL
campo de control de longitud fija 720517s1974 mx b 100 0 spa
040 ## - FUENTE DE LA CATALOGACIÓN
Centro catalogador/agencia de origen DO-SdBNP
Lengua de catalogación spa
Centro/agencia transcriptor BNPHU
082 ## - NÚMERO DE LA CLASIFICACIÓN DECIMAL DEWEY
Número de clasificación xxx
Número de documento/Ítem xxx
245 00 - MENCIÓN DE TÍTULO
Título Cupo limitado :
Resto del título cambios tecnológicos y crecimiento de la población /
Mención de responsabilidad, etc. compilado por Harrison Brown y Edward Hutchings.
260 ## - PUBLICACIÓN, DISTRIBUCIÓN, ETC.
Lugar de publicación, distribución, etc. México D. F. :
Nombre del editor, distribuidor, etc. Pax-México,
Fecha de publicación, distribución, etc. 1974.
300 ## - DESCRIPCIÓN FÍSICA
Extensión 413 p. :
Otras características físicas tab. ;
Dimensiones 21 cm.
504 ## - NOTA DE BIBLIOGRAFÍA, ETC.
Nota de bibliografía, etc. Incluye referencias bibliográficas
650 #4 - PUNTO DE ACCESO ADICIONAL DE MATERIA--TÉRMINO DE MATERIA
Término de materia o nombre geográfico como elemento de entrada Población
Subdivisión general Congresos
9 (RLIN) 3808
650 #4 - PUNTO DE ACCESO ADICIONAL DE MATERIA--TÉRMINO DE MATERIA
Término de materia o nombre geográfico como elemento de entrada Control natal
Subdivisión general Congresos
9 (RLIN) 3809
650 #4 - PUNTO DE ACCESO ADICIONAL DE MATERIA--TÉRMINO DE MATERIA
Término de materia o nombre geográfico como elemento de entrada Tecnología
Subdivisión general Aspectos sociales
-- Congresos
9 (RLIN) 3810
700 1# - PUNTO DE ACCESO ADICIONAL--NOMBRE DE PERSONA
Nombre de persona Brown, Harrison,
Fechas asociadas al nombre 1917-1986,
Término indicativo de función/relación comp.
9 (RLIN) 3811
700 1# - PUNTO DE ACCESO ADICIONAL--NOMBRE DE PERSONA
Nombre de persona Hutchings, Edward,
Término indicativo de función/relación comp.
9 (RLIN) 3812
710 2# - PUNTO DE ACCESO ADICIONAL--NOMBRE DE ENTIDAD CORPORATIVA
Nombre de entidad corporativa o nombre de jurisdicción como elemento de entrada California Institute of Technology.
9 (RLIN) 3813
Holdings
Estado de retiro Estado de pérdida Restricciones de uso No para préstamo Código de colección Localización permanente Ubicación/localización actual Ubicación en estantería Fecha de adquisición Número de inventario Total de préstamos Signatura topográfica completa Código de barras Fecha visto por última vez Precio válido a partir de Tipo de ítem Koha Número de copia
    Préstamo interno Préstamo en sala Dominicana de Servicio Biblioteca Nacional Pedro Henríquez Ureña Biblioteca Nacional Pedro Henríquez Ureña En catalogación 08.09.2009 LF1   xxx xxx 1112-10 25.06.2020 25.06.2020 Libros y folletos  
    Préstamo restringido Préstamo en sala Dominicana de Servicio Biblioteca Nacional Pedro Henríquez Ureña Biblioteca Nacional Pedro Henríquez Ureña En catalogación 23.01.2012 LF1   xxx xxx 1112-20 25.06.2020 25.06.2020 Libros y folletos e.2

Powered by Koha